Sports Quiz

Random Sports or MLB Quiz
Score 0/100 Timer 09:00
1 Play Today
% Correct
Barry Bonds
91.5%
Barry Bonds
91.5%
Barry Bonds
91.5%
Chris Davis
88.6%
Chris Davis
88.6%
Chris Davis
88.6%
Khris Davis
88.6%
Ryan Howard
88.5%
Ryan Howard
88.5%
Ryan Howard
88.4%
Giancarlo Stanton
88.2%
Mark McGwire
87.4%
Mark McGwire
87.4%
Mark McGwire
87.4%
Mark McGwire
87.4%
Mark McGwire
87.4%
Alex Rodriguez
85.9%
Alex Rodriguez
85.9%
Ken Griffey Jr.
84.9%
Ken Griffey Jr.
84.9%
David Ortiz
84.2%
Prince Fielder
83.5%
Cecil Fielder
83.3%
Manny Ramirez
80.6%
Manny Ramirez
80.6%
Albert Pujols
80.5%
Pete Alonso
80.1%
Jeff Bagwell
78.1%
Jose Canseco
77.9%
Jose Canseco
77.8%
Jose Canseco
77.8%
Jose Canseco
77.8%
Jose Bautista
77%
Ryan Braun
75.9%
% Correct
Chase Utley or Pat Burrell
75.4%
Chase Utley
74.7%
Hank Aaron
73%
Hank Aaron
73%
Johnny Bench
67.1%
Mike Schmidt
67.1%
Mike Schmidt
67.1%
Johnny Bench
67.1%
Johnny Bench
65.8%
Josh Hamilton
65.2%
Adam Jones
65.1%
Adam Jones
65.1%
Albert Belle
64.7%
Jim Rice
63.3%
Jim Rice
63.3%
Jim Rice
63.3%
Jim Rice
63.3%
Juan Gonzalez
62.5%
Jay Buhner
62.5%
Jay Buhner
62.5%
Matt Williams
56.6%
Matt Williams
56.6%
Jim Edmonds
56.6%
Earl Williams
56.5%
Earl Williams
56.5%
Rafael Palmeiro
54.4%
Rafael Palmeiro
54.4%
Michael Conforto
51.6%
Mark Teixeira
50.5%
George Foster
49.4%
Dwight Evans
48.3%
Darrell Evans
48.3%
Darrell Evans
48.3%
Kevin Mitchell
47.6%
% Correct
Adrian Beltre
47.4%
Will Clark
47.2%
Andre Dawson
46.3%
Marcell Ozuna
46.2%
Gorman Thomas
45.4%
Gorman Thomas
45.4%
Manny Machado
44.6%
Tony Perez
44.5%
Nelson Cruz
44.4%
Mark Trumbo
43.4%
Gary Carter
41.1%
Tony Perez
40.8%
Fred Lynn
40.8%
Jayson Werth
38.7%
Davey Johnson
37.7%
Richard Hidalgo
34.3%
Kirk Gibson
31.7%
Curtis Granderson
31%
Tony Armas
30%
Tony Armas
30%
Rich Aurilia
29.4%
Vernon Wells
28.9%
Greg Luzinski
28.6%
Greg Luzinski
28.6%
Ray Lankford
26.1%
Matt Olson
25.4%
Ben Oglivie
23.5%
Ben Oglivie
23.5%
Dave Kingman
22.2%
Dean Palmer
18.1%
Mickey Tettleton
18%
Fernando Tatis
13.5%

You're not logged in!

Compare scores with friends on all Sporcle quizzes.
OR
Log In

Sporcle TV

Today on Sporcle TV


Watch our educational content, quiz creation guides, and fun videos on Sporcle TV.

Show Comments

Extras

Top Quizzes Today


Score Distribution

Paid Content

Your Account Isn't Verified!

In order to create a playlist on Sporcle, you need to verify the email address you used during registration. Go to your Sporcle Settings to finish the process.

Report this User

Report this user for behavior that violates our Community Guidelines.

Details: